000
00286nam a22001337a 4500
008
170401b xxu||||| |||| 00| 0 eng d
020
_a
9780801858475
041
_a
eng
080
_a
617
100
_a
8
101
_a
SHM
245
_a
THE EYE BOOK
_c
CASSEL, G.H
942
_2
udc
_c
BK
999
_c
9367
_d
9367